<?xml version="1.0" encoding="UTF-8"?>
<record
    xmlns:xsi="http://www.w3.org/2001/XMLSchema-instance"
    xsi:schemaLocation="http://www.loc.gov/MARC21/slim http://www.loc.gov/standards/marcxml/schema/MARC21slim.xsd"
    xmlns="http://www.loc.gov/MARC21/slim">

  <leader>02417cam a2200325 ia4500</leader>
  <controlfield tag="003">SA-RiAUC</controlfield>
  <controlfield tag="005">20241229075729.0</controlfield>
  <controlfield tag="008">241229s1996    su     f      000r0 ara c</controlfield>
  <datafield tag="040" ind1=" " ind2=" ">
    <subfield code="a">SA-RiAUC</subfield>
    <subfield code="b">ara</subfield>
    <subfield code="c">SA-RiAUC</subfield>
    <subfield code="e">rda</subfield>
  </datafield>
  <datafield tag="050" ind1=" " ind2="4">
    <subfield code="b">A34 1996</subfield>
  </datafield>
  <datafield tag="082" ind1="0" ind2="4">
    <subfield code="a">240</subfield>
    <subfield code="q">SA-RiAUC</subfield>
  </datafield>
  <datafield tag="090" ind1=" " ind2=" ">
    <subfield code="a">240</subfield>
    <subfield code="b">&#x627; &#x641; &#x63A;</subfield>
  </datafield>
  <datafield tag="100" ind1="1" ind2=" ">
    <subfield code="a">&#x627;&#x644;&#x623;&#x641;&#x63A;&#x627;&#x646;&#x64A;&#x60C; &#x634;&#x645;&#x633; &#x627;&#x644;&#x633;&#x644;&#x641;&#x64A;&#x60C;</subfield>
    <subfield code="d">1953-1999</subfield>
    <subfield code="e">&#x645;&#x624;&#x644;&#x641;.</subfield>
  </datafield>
  <datafield tag="245" ind1="1" ind2="0">
    <subfield code="a">&#x62C;&#x647;&#x648;&#x62F; &#x639;&#x644;&#x645;&#x627;&#x621; &#x627;&#x644;&#x62D;&#x646;&#x641;&#x64A;&#x629; &#x641;&#x64A; &#x625;&#x628;&#x637;&#x627;&#x644; &#x639;&#x642;&#x627;&#x626;&#x62F; &#x627;&#x644;&#x642;&#x628;&#x648;&#x631;&#x64A;&#x629; /</subfield>
    <subfield code="c">&#x62A;&#x623;&#x644;&#x64A;&#x641; &#x634;&#x645;&#x633; &#x627;&#x644;&#x62F;&#x64A;&#x646; &#x627;&#x644;&#x633;&#x644;&#x641;&#x64A; &#x627;&#x644;&#x623;&#x641;&#x63A;&#x627;&#x646;&#x64A;.</subfield>
  </datafield>
  <datafield tag="250" ind1=" " ind2=" ">
    <subfield code="a">&#x627;&#x644;&#x637;&#x628;&#x639;&#x629; &#x627;&#x644;&#x623;&#x648;&#x644;&#x649;.</subfield>
  </datafield>
  <datafield tag="264" ind1=" " ind2="1">
    <subfield code="a">&#x627;&#x644;&#x631;&#x64A;&#x627;&#x636; :</subfield>
    <subfield code="b">&#x62F;&#x627;&#x631; &#x627;&#x644;&#x635;&#x645;&#x64A;&#x639;&#x64A; &#x644;&#x644;&#x646;&#x634;&#x631; &#x648;&#x627;&#x644;&#x62A;&#x648;&#x632;&#x64A;&#x639;&#x60C;</subfield>
    <subfield code="c">1996</subfield>
  </datafield>
  <datafield tag="300" ind1=" " ind2=" ">
    <subfield code="a">3 &#x645;&#x62C;&#x644;&#x62F; (1861 &#x635;&#x641;&#x62D;&#x629;) &#x61B;</subfield>
    <subfield code="c">24 &#xD7; 17 &#x633;&#x645;</subfield>
  </datafield>
  <datafield tag="336" ind1=" " ind2=" ">
    <subfield code="a">&#x646;&#x635;</subfield>
    <subfield code="b">txt</subfield>
    <subfield code="2">rdacontent</subfield>
    <subfield code="3">&#x643;&#x62A;&#x627;&#x628;</subfield>
  </datafield>
  <datafield tag="337" ind1=" " ind2=" ">
    <subfield code="a">&#x628;&#x62F;&#x648;&#x646; &#x648;&#x633;&#x64A;&#x637;</subfield>
    <subfield code="b">n</subfield>
    <subfield code="2">rdamedia</subfield>
  </datafield>
  <datafield tag="338" ind1=" " ind2=" ">
    <subfield code="a">&#x645;&#x62C;&#x644;&#x62F;</subfield>
    <subfield code="b">nc</subfield>
    <subfield code="2">rdacarrier</subfield>
  </datafield>
  <datafield tag="500" ind1=" " ind2=" ">
    <subfield code="a">&#x627;&#x644;&#x623;&#x635;&#x644; &#x623;&#x637;&#x631;&#x648;&#x62D;&#x629; &#x62F;&#x643;&#x62A;&#x648;&#x631;&#x627;&#x647;-&#x627;&#x644;&#x62C;&#x627;&#x645;&#x639;&#x629; &#x627;&#x644;&#x625;&#x633;&#x644;&#x627;&#x645;&#x64A;&#x629; &#x628;&#x627;&#x644;&#x645;&#x62F;&#x64A;&#x646;&#x629; &#x627;&#x644;&#x646;&#x628;&#x648;&#x64A;&#x629;&#x60C; 1993.</subfield>
  </datafield>
  <datafield tag="563" ind1=" " ind2=" ">
    <subfield code="a">&#x62A;&#x62C;&#x644;&#x64A;&#x62F; &#x641;&#x646;&#x64A;.</subfield>
  </datafield>
  <datafield tag="650" ind1=" " ind2="7">
    <subfield code="a">&#x627;&#x644;&#x628;&#x62F;&#x639; &#x641;&#x64A; &#x627;&#x644;&#x625;&#x633;&#x644;&#x627;&#x645;</subfield>
    <subfield code="2">aucsh</subfield>
  </datafield>
  <datafield tag="650" ind1=" " ind2="7">
    <subfield code="a">&#x627;&#x644;&#x645;&#x642;&#x627;&#x628;&#x631;</subfield>
    <subfield code="x">&#x632;&#x64A;&#x627;&#x631;&#x629;</subfield>
    <subfield code="x">&#x62C;&#x648;&#x627;&#x646;&#x628; &#x62F;&#x64A;&#x646;&#x64A;&#x629;</subfield>
    <subfield code="2">aucsh</subfield>
  </datafield>
  <datafield tag="650" ind1=" " ind2="7">
    <subfield code="a">&#x627;&#x644;&#x641;&#x642;&#x647; &#x627;&#x644;&#x62D;&#x646;&#x641;&#x64A;</subfield>
    <subfield code="2">aucsh</subfield>
  </datafield>
  <datafield tag="856" ind1=" " ind2=" ">
    <subfield code="u">http://saaid.net/book/open.php?cat=88&amp;book=3859</subfield>
    <subfield code="y">External Link</subfield>
    <subfield code="2"> &#x646;&#x631;&#x62C;&#x648; &#x627;&#x644;&#x627;&#x646;&#x62A;&#x628;&#x627;&#x647; &#x644;&#x625;&#x645;&#x643;&#x627;&#x646;&#x64A;&#x629; &#x648;&#x62C;&#x648;&#x62F; &#x627;&#x62E;&#x62A;&#x644;&#x627;&#x641; &#x641;&#x64A; &#x627;&#x644;&#x637;&#x628;&#x639;&#x629; &#x623;&#x648; &#x627;&#x644;&#x646;&#x627;&#x634;&#x631; &#x628;&#x64A;&#x646; &#x627;&#x644;&#x628;&#x64A;&#x627;&#x646;&#x627;&#x62A; &#x639;&#x644;&#x649; &#x627;&#x644;&#x628;&#x648;&#x627;&#x628;&#x629; &#x648;&#x645;&#x627; &#x633;&#x62A;&#x62C;&#x62F;&#x647; &#x639;&#x644;&#x649; &#x627;&#x644;&#x643;&#x62A;&#x627;&#x628; &#x646;&#x638;&#x631;&#x627; &#x644;&#x645;&#x62D;&#x62F;&#x648;&#x62F;&#x64A;&#x629; &#x627;&#x644;&#x645;&#x639;&#x644;&#x648;&#x645;&#x627;&#x62A; &#x627;&#x644;&#x645;&#x62A;&#x627;&#x62D;&#x629; &#x639;&#x644;&#x649; &#x627;&#x644;&#x645;&#x648;&#x642;&#x639; &#x627;&#x644;&#x646;&#x627;&#x634;&#x631; &#x644;&#x644;&#x645;&#x627;&#x62F;&#x629;.</subfield>
    <subfield code="3">Please note that there may be a difference in the edition or publisher between the data on the portal and  the book due to the limited information available on the publisher website for the material.</subfield>
  </datafield>
  <datafield tag="856" ind1=" " ind2=" ">
    <subfield code="u">http://www.saaid.net/book/9/2676.rar</subfield>
    <subfield code="y">Digital Copy</subfield>
    <subfield code="2"> &#x646;&#x631;&#x62C;&#x648; &#x627;&#x644;&#x627;&#x646;&#x62A;&#x628;&#x627;&#x647; &#x644;&#x625;&#x645;&#x643;&#x627;&#x646;&#x64A;&#x629; &#x648;&#x62C;&#x648;&#x62F; &#x627;&#x62E;&#x62A;&#x644;&#x627;&#x641; &#x641;&#x64A; &#x627;&#x644;&#x637;&#x628;&#x639;&#x629; &#x623;&#x648; &#x627;&#x644;&#x646;&#x627;&#x634;&#x631; &#x628;&#x64A;&#x646; &#x627;&#x644;&#x628;&#x64A;&#x627;&#x646;&#x627;&#x62A; &#x639;&#x644;&#x649; &#x627;&#x644;&#x628;&#x648;&#x627;&#x628;&#x629; &#x648;&#x645;&#x627; &#x633;&#x62A;&#x62C;&#x62F;&#x647; &#x639;&#x644;&#x649; &#x627;&#x644;&#x643;&#x62A;&#x627;&#x628; &#x646;&#x638;&#x631;&#x627; &#x644;&#x645;&#x62D;&#x62F;&#x648;&#x62F;&#x64A;&#x629; &#x627;&#x644;&#x645;&#x639;&#x644;&#x648;&#x645;&#x627;&#x62A; &#x627;&#x644;&#x645;&#x62A;&#x627;&#x62D;&#x629; &#x639;&#x644;&#x649; &#x627;&#x644;&#x645;&#x648;&#x642;&#x639; &#x627;&#x644;&#x646;&#x627;&#x634;&#x631; &#x644;&#x644;&#x645;&#x627;&#x62F;&#x629;.</subfield>
    <subfield code="3">Please note that there may be a difference in the edition or publisher between the data on the portal and  the book due to the limited information available on the publisher website for the material.</subfield>
  </datafield>
  <datafield tag="942" ind1=" " ind2=" ">
    <subfield code="2">ddc</subfield>
    <subfield code="c">BOOK</subfield>
  </datafield>
  <datafield tag="949" ind1=" " ind2=" ">
    <subfield code="a">SA-JeALM</subfield>
    <subfield code="d">241229</subfield>
    <subfield code="u">khaled123</subfield>
    <subfield code="n">1</subfield>
  </datafield>
  <datafield tag="952" ind1=" " ind2=" ">
    <subfield code="0">0</subfield>
    <subfield code="1">0</subfield>
    <subfield code="2">ddc</subfield>
    <subfield code="3">&#x627;&#x644;&#x62C;&#x632;&#x621; &#x627;&#x644;&#x623;&#x648;&#x644;</subfield>
    <subfield code="4">0</subfield>
    <subfield code="7">0</subfield>
    <subfield code="a">WAHAB</subfield>
    <subfield code="b">WAHAB</subfield>
    <subfield code="d">2024-12-29</subfield>
    <subfield code="l">0</subfield>
    <subfield code="o">240 &#x627; &#x641; &#x63A;</subfield>
    <subfield code="p">000006354</subfield>
    <subfield code="r">2024-12-29 07:58:53</subfield>
    <subfield code="w">2024-12-29</subfield>
    <subfield code="y">BOOK</subfield>
  </datafield>
  <datafield tag="952" ind1=" " ind2=" ">
    <subfield code="0">0</subfield>
    <subfield code="1">0</subfield>
    <subfield code="2">ddc</subfield>
    <subfield code="3">&#x627;&#x644;&#x62C;&#x632;&#x621; &#x627;&#x644;&#x62B;&#x627;&#x646;&#x64A;</subfield>
    <subfield code="4">0</subfield>
    <subfield code="7">0</subfield>
    <subfield code="a">WAHAB</subfield>
    <subfield code="b">WAHAB</subfield>
    <subfield code="d">2024-12-29</subfield>
    <subfield code="l">0</subfield>
    <subfield code="o">240 &#x627; &#x641; &#x63A;</subfield>
    <subfield code="p">000006355</subfield>
    <subfield code="r">2024-12-29 07:58:53</subfield>
    <subfield code="w">2024-12-29</subfield>
    <subfield code="y">BOOK</subfield>
  </datafield>
  <datafield tag="952" ind1=" " ind2=" ">
    <subfield code="0">0</subfield>
    <subfield code="1">0</subfield>
    <subfield code="2">ddc</subfield>
    <subfield code="3">&#x627;&#x644;&#x62C;&#x632;&#x621; &#x627;&#x644;&#x62B;&#x627;&#x644;&#x62B;</subfield>
    <subfield code="4">0</subfield>
    <subfield code="7">0</subfield>
    <subfield code="a">WAHAB</subfield>
    <subfield code="b">WAHAB</subfield>
    <subfield code="d">2024-12-29</subfield>
    <subfield code="l">0</subfield>
    <subfield code="o">240 &#x627; &#x641; &#x63A;</subfield>
    <subfield code="p">000006356</subfield>
    <subfield code="r">2024-12-29 07:58:53</subfield>
    <subfield code="w">2024-12-29</subfield>
    <subfield code="y">BOOK</subfield>
  </datafield>
  <datafield tag="999" ind1=" " ind2=" ">
    <subfield code="c">4028</subfield>
    <subfield code="d">4028</subfield>
  </datafield>
</record>
